Переработка литиеносного поликомпонентного гидроминерального сырья на основе его обогащения по литию: автореферат диссертации на соискание ученой степени доктора технических наук; спец. 05.17.02

Dettagli Bibliografici
Autore principale: Рябцев А. Д. Александр Дмитриевич
Enti autori: Экостар-Наутех, Государственный специализированный проектный институт (ГСПИ) Новосибирский «ВНИПИЭТ»
Altri autori: Коцупало Н. П. Наталья Павловна (научный консультант)
Riassunto:Заглавие с титульного экрана
Электронная версия печатной публикации
Lingua:russo
Pubblicazione: Томск, 2011
Soggetti:
Accesso online:http://www.lib.tpu.ru/fulltext/a/2012/03.pdf
Natura: MixedMaterials Elettronico Libro
KOHA link:https://koha.lib.tpu.ru/cgi-bin/koha/opac-detail.pl?biblionumber=207824

MARC

LEADER 00000nlm0a2200000 4500
001 207824
005 20231101225425.0
035 |a (RuTPU)RU\TPU\book\226795 
090 |a 207824 
100 |a 20120128d2011 k y0rusy50 ca 
101 0 |a rus 
102 |a RU 
105 |a a dm 000zy 
135 |a drbn ---uucaa 
181 0 |a i  
182 0 |a b 
200 1 |a Переработка литиеносного поликомпонентного гидроминерального сырья на основе его обогащения по литию  |b Электронный ресурс  |e автореферат диссертации на соискание ученой степени доктора технических наук  |e спец. 05.17.02  |f А. Д. Рябцев  |g ЗАО "Экостар-Наутех" ; Новосибирский государственный проектно-изыскательский институт"ВНИПИЭТ" ; науч. конс. Н. П. Коцупало 
203 |a Текст  |c электронный 
210 |a Томск  |d 2011 
215 |a 1 файл (990 Kb) 
230 |a Электронные текстовые данные (1 файл : 990 Kb) 
300 |a Заглавие с титульного экрана 
300 |a Электронная версия печатной публикации 
337 |a Adobe Reader 
452 1 |0 (RuTPU)RU\TPU\book\231142  |t Переработка литиеносного поликомпонентного гидроминерального сырья на основе его обогащения по литию  |o автореферат диссертации на соискание ученой степени доктора технических наук  |o спец. 05.17.02  |f А. Д. Рябцев  |g Экостар-Наутех ; Государственный специализированный проектный институт (ГСПИ), Новосибирский «ВНИПИЭТ» ; науч. конс. Н. П. Коцупало  |c Томск  |d 2011  |p 39 с.  |a Рябцев, Александр Дмитриевич 
606 1 |a Литий соединения  |2 stltpush  |3 (RuTPU)RU\TPU\subj\32731  |9 55187 
610 1 |a авторефераты диссертаций 
610 1 |a электронный ресурс 
610 1 |a литиеносное гидроминеральное сырье 
610 1 |a литий 
610 1 |a литиевая продукция 
610 1 |a гранулированные сорбенты 
610 1 |a безреагентное обогащение 
610 1 |a получение 
610 1 |a литиевые концентраты 
610 1 |a переработка 
610 1 |a металлический литий 
610 1 |a особо чистые соли 
610 1 |a попутное получение 
675 |a 661.83(04)  |v 3 
686 |a 05.17.02  |2 oksvnk 
700 1 |a Рябцев  |b А. Д.  |g Александр Дмитриевич 
702 1 |a Коцупало  |b Н. П.  |g Наталья Павловна  |4 695 
712 0 2 |a Экостар-Наутех  |c Закрытое акционерное общество  |c (Новосибирск)  |2 stltpush  |3 (RuTPU)RU\TPU\col\17874  |9 26826 
712 0 2 |a Государственный специализированный проектный институт (ГСПИ)  |b Новосибирский «ВНИПИЭТ»  |c Новосибирский проектно-изыскательский институт  |2 stltpush  |3 (RuTPU)RU\TPU\col\17875 
801 1 |a RU  |b 63413507  |c 20120128 
801 2 |a RU  |b 63413507  |c 20151112  |g RCR 
856 4 |u http://www.lib.tpu.ru/fulltext/a/2012/03.pdf 
942 |c CF